| 000 | 02752cam a2200289 i 4500 | ||
|---|---|---|---|
| 020 |
_a9789814920896 _q(paperback) |
||
| 040 | _aNSHSPK | ||
| 082 |
_a612 _bWAU |
||
| 100 | 1 |
_aWaugh, Anne, _eauthor. _9126775 |
|
| 245 | 1 | 0 |
_aRoss & Wilson anatomy and physiology in health and illness / _cAnne Waugh, BSc (Hons), MSc, CertEd, SRN, RNT, PFHEA, Former Senior Teaching Fellow and Senior Lecturer, School of Health and Social Care, Edinburgh Napier University, Edinburgh, UK, Allison Grant, BSc, PhD, FHEA, Lecturer, Department of Health and Life Sciences, Glasgow Caledonian University, Glasgow, UK ; illustrations by Richard Tibbitts, Antbits Limited. |
| 246 | 3 | _aRoss and Wilson anatomy & physiology in health and illness | |
| 246 | 3 | _aAnatomy & physiology in health and illness | |
| 250 | _aFourteenth edition. | ||
| 264 | 1 |
_aLahore : _bElsevier, _c2023. |
|
| 300 |
_axi, 585 pages : _bcolor illustrations ; _c28 cm |
||
| 500 | _aRevised edition of: Ross and Wilson anatomy & physiology in health and illness / Anne Waugh, Allison Grant. 13th edition. [2018]. | ||
| 504 | _aIncludes bibliographical references and index. | ||
| 520 | _aNow in its fourteenth edition, Principles of Anatomy and Physiology remains a best-selling textbook, providing a clear and straightforward introduction to human anatomy and physiology, especially suited for students in nursing, allied health, biomedical, and paramedical sciences. This edition covers core essentials, including the pathology and pathophysiology of significant diseases and disorders, with new illustrations to enhance understanding, particularly in areas like pathophysiology and diagnostics. Surface anatomy is introduced for the first time, alongside updates on current scientific advancements, such as coronavirus-related content. The book features enhanced learning tools, such as Learning Outcomes boxes, color coding, orientation icons, and self-assessment activities, including case studies. Additional resources, including an online platform with animations, videos, an audio glossary, and self-assessment material, further support student comprehension. Principles of Anatomy and Physiology is a reliable reference for students and healthcare professionals, with definitions, examples, and an appendix of biological values to aid in understanding critical concepts. | ||
| 650 | 0 |
_aHuman anatomy _vTextbooks. _9126776 |
|
| 650 | 0 |
_aHuman physiology _vTextbooks. _9126777 |
|
| 650 | 0 |
_aPathology _vTextbooks. _9126778 |
|
| 650 | 0 |
_aNursing _vTextbooks. _9126779 |
|
| 700 | 1 |
_aGrant, Allison _q(Allison Wynn), _d1961- _eauthor. _9126780 |
|
| 700 | 1 |
_aTibbitts, Richard, _eillustrator. _9126781 |
|
| 942 |
_2ddc _cBK |
||
| 999 |
_c612251 _d612251 |
||